000 00377nam a2200133Ia 4500
008 220216s9999 xx 000 0 und d
100 _aGeorge M J
245 3 _aAn economic evaluation of yield stimulation on Hevea with Ethrel
260 _bRubber Planters Conference India, 1974
_c1974
700 _aNair V K
700 _aPillay V B
700 _aSethuraj M R
942 _cJS
999 _c54118
_d54118